000 01503cam a2200229 4500
001 L130882
008 050912n2005 000 0 eng u
035 _a(Sirsi) u130882
041 0 _aeng
110 _aOffice of the Deputy Prime Minister
_94685
245 _aEvaluation of key worker living
_bearly findings
260 _aLondon
_bODPM
_c2005
520 _aThis report gives early feedback to the ODPM on the implementation of the Key Worker Living (KWL) initiative setting out the preliminary issues identified at this stage which will be explored and tested in depth in the remainder of the evaluation. Launched in March 2004 KWL is a £690m ODPM funded programme which seeks to address recruitment and retention problems by providing housing solutions to key front line personnel in public services such as education, health and community safety. The evaluation surveys the emerging issues relating to recruitment and retention, the zone agent model, eligibility and the key issues involving the products such as Key Worker Homebuy offered by KWL.
590 _aIKA130905
650 2 4 _aDCLG HOMEBUY
651 4 _aEngland
_y886-
690 _aPROPERTY-RESIDENTIAL PROPERTY-RESIDENTIAL PROPERTY DEVELOPMENT
710 2 _aGHK Consulting Ltd
_94759
710 2 _aUniversity of Birmingham
_bCentre for Urban and Regional Studies
_94589
856 4 0 _uhttps://www.communities.gov.uk/archived/publications/housing/evaluationkey
_zView the report free of charge at www.dclg.gov.uk...
942 _n0
999 _c104591
_d104591